[Event "Wch U16 Girls"]
[Site "Montesilvano"]
[Date "2023.11.24"]
[Round "11"]
[White "Chang, Yolanda"]
[Black "Kawa, Anna"]
[Result "0-1"]
[WhiteElo "1639"]
[BlackElo "1622"]
[PlyCount "104"]
[EventDate "2023.11.13"]
[EventType "swiss"]
[EventRounds "11"]
[EventCountry "ITA"]
[SourceTitle "CB48_2023"]
[SourceDate "2023.11.29"]
[SourceVersion "1"]
[SourceVersionDate "2023.11.29"]
[SourceQuality "1"]

1. e4 c5 2. c3 Nf6 3. e5 Nd5 4. d4 cxd4 5. Nf3 Nc6 6. Bc4 Nb6 7. Bb3 d5 8. cxd4 Bg4 9. Be3 e6 10. h3 Bf5 11. 0-0 Be7 12. Nc3 0-0 13. Qe2 Rc8 14. Rad1 Na5 15. Nd2 Bg6 16. f4 f6 17. Nf3 f5 18. Ng5 Qd7 19. Bc2 Nac4 20. Bc1 Bb4 21. Rd3 Qe8 22. a3 Nxa3 23. bxa3 Bxc3 24. a4 Bb4 25. Rb3 a5 26. Ba3 Nxa4 27. Bxb4 axb4 28. Rxb4 Nc3 29. Qd2 h6 30. Rb3 hxg5 31. Rxc3 Rxc3 32. Qxc3 gxf4 33. Qb4 Qc6 34. Ba4 Qc4 35. Qxc4 dxc4 36. Rc1 Be8 37. Bxe8 Rxe8 38. Rxc4 Rd8 39. Kf2 b5 40. Rb4 g5 41. Kf3 Kf7 42. g3 fxg3 43. Kxg3 Rd5 44. Kf3 Kg6 45. Kg3 Kh5 46. Kf3 Kh4 47. Kg2 g4 48. Rb3 Rxd4 49. Rxb5 gxh3+ 50. Kg1 Re4 51. Kh2 Kg4 52. Ra5 f4 0-1

[Event "Auckland Trusts op 45th"]
[Site "Auckland"]
[Date "2023.06.05"]
[Round "5"]
[White "Chang, Yolanda"]
[Black "Zhu, David Junyang"]
[Result "1/2-1/2"]
[WhiteElo "1654"]
[BlackElo "1657"]
[PlyCount "86"]
[EventDate "2023.06.03"]
[EventType "swiss"]
[EventRounds "6"]
[EventCountry "NZL"]
[SourceTitle "EXT 2024"]
[Source "ChessBase"]
[SourceDate "2023.10.10"]
[SourceVersion "1"]
[SourceVersionDate "2023.10.10"]
[SourceQuality "1"]

1. e4 c5 2. c3 d5 3. exd5 Qxd5 4. Nf3 Nf6 5. d4 Bf5 6. Be3 Nc6 7. Na3 cxd4 8. Bc4 Qa5 9. Nxd4 Nxd4 10. Bxd4 e5 11. Bb5+ Bd7 12. Bxd7+ Nxd7 13. Nc4 Qd5 14. Qe2 f6 15. 0-0 Be7 16. Rfe1 Rc8 17. Ne3 Qe6 18. Nc2 Nc5 19. Rad1 exd4 20. Qxe6 Nxe6 21. Rxe6 dxc3 22. bxc3 Kf7 23. Re3 Rhd8 24. Nd4 Bc5 25. h3 Bxd4 26. cxd4 Rd5 27. Rde1 Rc7 28. Rd1 Rcd7 29. Red3 Ra5 30. R1d2 Ke7 31. Kf1 Rdd5 32. Re2+ Kd6 33. Re8 Kd7 34. Rde3 Rxd4 35. R8e7+ Kd6 36. Rxb7 Rd1+ 37. Re1 Rxe1+ 38. Kxe1 Rxa2 39. Rxg7 h5 40. Rh7 Ra5 41. Kd2 Rd5+ 42. Kc3 a5 43. Ra7 Rg5 1/2-1/2

[Event "Auckland Trusts op 45th"]
[Site "Auckland"]
[Date "2023.06.03"]
[Round "2"]
[White "Chang, Yolanda"]
[Black "Vital, Henry"]
[Result "0-1"]
[WhiteElo "1658"]
[BlackElo "1855"]
[PlyCount "64"]
[EventDate "2023.06.03"]
[EventType "swiss"]
[EventRounds "6"]
[EventCountry "NZL"]
[SourceTitle "EXT 2024"]
[Source "ChessBase"]
[SourceDate "2023.10.10"]
[SourceVersion "1"]
[SourceVersionDate "2023.10.10"]
[SourceQuality "1"]

1. e4 d5 2. exd5 Qxd5 3. Nc3 Qa5 4. g3 c6 5. Bg2 Nf6 6. Nge2 Bg4 7. 0-0 e6 8. d3 Be7 9. a3 Nbd7 10. Bd2 Qc7 11. Rb1 0-0 12. Qe1 a6 13. b4 Bd6 14. a4 Nd5 15. Ne4 Rfe8 16. c4 N5f6 17. N2c3 Be5 18. Nxf6+ Nxf6 19. Ne4 Rad8 20. Rb3 Nxe4 21. dxe4 Rd4 22. f4 Bf6 23. h3 Red8 24. Rf2 Qd7 25. Rb2 Bh5 26. g4 Bh4 27. gxh5 Bxf2+ 28. Qxf2 Rxd2 29. Rxd2 Qxd2 30. Qh4 h6 31. f5 exf5 32. exf5 Qd4+ 0-1